000 00376nam a2200157Ia 4500
003 Ost
005 20260225132549.0
008 260225s9999||||xx |||||||||||||| ||und||
040 _cfsic
041 _afre
082 _a440
100 _aMaitre Belheir said
_eAuteur
245 0 _aSuccession partage vente sur liatation /
245 0 _cMaitre Belheir said
942 _cكتاب
999 _c34023
_d34023